Core gerencial del sistema de información laboral del Ministerio del trabajo CORE-SIL
La investigación propone el desarrollo del Core gerencial del sistema de información laboral (CORE-SIL) el cual proporcionará un marco que centralice las operaciones del MITRAB, interconectando los distintos sistemas de información de la institución, gestionando los procesos claves, monitoreand...
| Main Authors: | , , |
|---|---|
| Other Authors: | |
| Format: | Tesis Section = Libro |
| Language: | Undetermined Spanish |
| Published: |
Managua
UNI-IES
2017
|
| Subjects: |
| LEADER | 01571nam a2200313Ia 4500 | ||
|---|---|---|---|
| 008 | 240830s9999 xx 000 0 und d | ||
| 040 | |a BIBLIOTECA-RUPAP Mon 005.74 S623 | ||
| 041 | |a spa | ||
| 082 | |a Mon 005.74 S623 | ||
| 100 | 1 | |a Siu Hernández, Miguel Ángel | |
| 100 | 1 | |b González Vera, Guillermo Alfredo. | |
| 100 | 1 | |c Torrez Montenegro, Fregdy Uriel | |
| 245 | 1 | 0 | |a Core gerencial del sistema de información laboral del Ministerio del trabajo CORE-SIL |
| 260 | |a Managua |b UNI-IES |c 2017 | ||
| 300 | |a 100 p. :il. | ||
| 500 | |a Contiene: anexos e Incluye: CD. | ||
| 502 | |a Tesis (Ingeniero de Sistemas)- UNI, 2017. | ||
| 520 | 3 | |a La investigación propone el desarrollo del Core gerencial del sistema de información laboral (CORE-SIL) el cual proporcionará un marco que centralice las operaciones del MITRAB, interconectando los distintos sistemas de información de la institución, gestionando los procesos claves, monitoreando el comportamiento de los indicadores socio-laborales a nivel nacional y a su vez implementando mecanismos de seguridad a nivel de aplicación, proveyendo un API de integración para los módulos existentes a nuevos módulos. | |
| 650 | 7 | |a SISTEMAS DE INFORMACION WEB | |
| 650 | 7 | |b SEGURIDAD DE LA INFORMACION | |
| 650 | 7 | |c SEGURIDAD INFORMATICA | |
| 650 | 7 | |d ARQUITECTURA EMPRESARIAL | |
| 650 | 7 | |e GESTION DE LA INFORMACION | |
| 650 | 7 | |f ADMINISTRACION DE BASES DE DATOS | |
| 650 | 7 | |g CORE SIL. | |
| 700 | 1 | |a Tutor: |b Espinoza Aragón; Evelyn del Carmen | |
| 942 | |c BK |2 ddc | ||
| 991 | |a TESIS | ||
| 999 | |c 15353 | ||